<?xml version="1.0" encoding="UTF-8"?>
<collection xmlns="http://www.loc.gov/MARC21/slim">
 <record>
  <leader>00502pamaa2200169   4500</leader>
  <controlfield tag="001">0000022474</controlfield>
  <controlfield tag="005">20061013090000.0</controlfield>
  <datafield tag="020" ind1="0" ind2="0">
   <subfield code="a">0436203960 </subfield>
  </datafield>
  <datafield tag="090" ind1="0" ind2="0">
   <subfield code="a">PQ2671.R55 </subfield>
   <subfield code="b">KRI 1997</subfield>
  </datafield>
  <datafield tag="100" ind1="1" ind2="0">
   <subfield code="a">KRISTOF </subfield>
  </datafield>
  <datafield tag="245" ind1="1" ind2="0">
   <subfield code="a">Yesterday  </subfield>
   <subfield code="c">Agota Kristof ; translated from the French by David Watson.</subfield>
  </datafield>
  <datafield tag="260" ind1="0" ind2="0">
   <subfield code="a">London : Secker &amp; Warburg, 1997.</subfield>
  </datafield>
  <datafield tag="300" ind1=" " ind2=" ">
   <subfield code="a">96 p. ; 22 cm.</subfield>
  </datafield>
  <datafield tag="650" ind1="0" ind2="0">
   <subfield code="a">Factories -- </subfield>
   <subfield code="x">Fiction </subfield>
  </datafield>
  <datafield tag="650" ind1="0" ind2="0">
   <subfield code="a">Rural-urban migration -- </subfield>
   <subfield code="x">Fiction </subfield>
  </datafield>
  <datafield tag="650" ind1="0" ind2="0">
   <subfield code="a">Adultery -- </subfield>
   <subfield code="x">Fiction </subfield>
  </datafield>
  <datafield tag="700" ind1="1" ind2="1">
   <subfield code="a">Watson, </subfield>
   <subfield code="h">David </subfield>
  </datafield>
 </record>
</collection>
